Κατάλογος Βιβλιοθηκών Mediterranean College

Business Management / Management Audit - Strategic Marketing Plan - Logistics Management - Cost Planning and Budget Control - Management (TQM, MIS, Joint Venture...) (Record no. 3653)

MARC details
000 -LEADER
fixed length control field 02227cam a22002054a 4500
005 - ΗΜΕΡΟΜΗΝΙΑ ΚΑΙ ΩΡΑ ΤΕΛΕΥΤΑΙΑΣ ΕΝΗΜΕΡΩΣΗΣ
Πεδίο ελέγχου 20250605164121.0
008 - FIXED-LENGTH DATA ELEMENTS--GENERAL INFORMATION
Πεδίο ελέγχου σταθερού μήκους 250528s ||||||||||||||||||||||||d
035 ## - SYSTEM CONTROL NUMBER
System control number 18287
020 ## - ISBN
ISBN 9608566800
040 ## - ΠΗΓΗ ΚΑΤΑΛΟΓΟΓΡΑΦΗΣΗΣ
Φορέας πρωτότυπης καταλογογράφησης MC Athens Campus Library
Γλώσσα καταλογογράφησης Ελληνικά, Μοντέρνα (1453-)
Modifying agency MC Athens Campus Library
Κανόνες περιγραφικής καταλογογράφησης AACR2
245 1# - ΤΙΤΛΟΣ ΚΑΙ ΔΗΛΩΣΗ ΥΠΕΥΘΥΝΟΤΗΤΑΣ
Τίτλος Business Management / Management Audit - Strategic Marketing Plan - Logistics Management - Cost Planning and Budget Control - Management (TQM, MIS, Joint Venture...)
260 ## - PUBLICATION, DISTRIBUTION, ETC.
Name of publisher, distributor, etc. Αθήνα,
Date of publication, distribution, etc. 1995
300 ## - PHYSICAL DESCRIPTION
Extent 752
520 ## - SUMMARY, ETC.
Summary, etc. Το βιβλίο αυτό απευθύνεται σε κάθε σύγχρονο Manager που θέλει να ενημερωθεί πάνω σε θέματα Στρατηγικών Σχεδιασμών, Αναδιοργάνωσης - Αναδιάρθρωσης (Re-Engineering), Διοίκησης και Ελέγχου μιας Επιχείρησης. Εισαγωγή, Management Audit, Financial Audit, Personnel Audit, Production Audit, Ελεγχος Παραγωγής, Inventory Audit, Marketing Audit, Strategic Marketing Plan, Ερευνα Marketing (Marketing Research), Swot Analysis, Ανάλυση Κατηγοριών Κόστους - Χρηματοοικονομικών Δεικτών και Παραγωγικότητας, Ανάλυση του Ανταγωνισμού, Πρόβλεψη της Ζήτησης, Αποστολή και Στόχοι της Επιχείρησης, Τμηματοποίηση της Αγοράς, Product Portfolio Analysis, Κατάστρωση Στρατηγικής, Προϊόν, Διανομή, Κριτήρια Αξιολόγησης, Παράδειγμα Marketing Plan του Οίκου Sanofi Beauty Hellas, Logistics Management, Cost Planning and Budget Control, Έντυπα Υπολογισμού του Logistical Cost, Management, Τεχνικές Ηγεσίας και Οργανωτικής Υποστήριξης, Βασικά Οργανογράμματα Επιχειρήσεων, Εταιρείες Συνεργασίας ''Joint Venture'', Information System (MIS), Πρόγραμμα Δράσης.
700 1# - ΠΡΟΣΘΕΤΗ ΑΝΑΓΡΑΦΗ--ΦΥΣΙΚΟ ΠΡΟΣΩΠΟ
Personal name Γιαννατος Γιωργος
9 (RLIN) 4561
700 1# - ΠΡΟΣΘΕΤΗ ΑΝΑΓΡΑΦΗ--ΦΥΣΙΚΟ ΠΡΟΣΩΠΟ
Personal name Γιώργος Γιαννάτος
9 (RLIN) 4562
942 ## - ADDED ENTRY ELEMENTS (KOHA)
Koha item type Books
Holdings
Τύπος τεκμηρίου Βιβλιοθήκη Τρέχουσα τοποθεσία Barcode Αριθμός εισαγωγής Ημερομηνία απόκτησης Ταξιθετικό σύμβολο Αριθμός αντιτύπου Κατάσταση απόσυρσης Κατάσταση χαμένου Κατάσταση κατεστραμμένου Μη δανεισμός Σύνολο δανεισμών Ημερομηνία τελευταίας εμφάνισης Η τιμή ισχύει από
Books MC Athens Campus Library MC Athens Campus Library 9780000036520 2873 05/06/2025 658 GIA 1           05/06/2025 05/06/2025

MC Athens Campus Library
Πατησίων 94 & Κοδριγκτώνος 13, 104 34
Πελλήνης 8 & Πατησίων 107, 112 51
Τ: +30 210 8899600

MC Thessaloniki Campus Library
Ίωνος Δραγούμη 21, 54625 | Ίωνος Δραγούμη 15, 54625
Τ: +30 2310 287779 – Τ: +30 2314 440300